000 00731nam a2200205Ia 4500
005 20240530102403.0
008 140319s1989 xx 000 0 ara d
040 _aGCL /
_cGCL
082 0 4 _a811.1
_bح ع
100 1 _aحسنى عبدالجليل يوسف
245 1 0 _aعالم المراة فى الشعر الجاهلى /
_cحسنى عبدالجليل يوسف
260 _aالقاهرة :
_bدار الثقافة للنشر والتوزيع ،
_c1989
300 _a112 ص؛
_b24 سم
650 0 4 _aالشعر العربى
650 0 4 _aالادب العربى
650 0 4 _aالعصر الجاهلى
650 0 4 _aالمرأة فى الادب
942 _2ddc
_cBK
999 _c31881
_d31881